[Event "World Blitz 2023"]
[Site "Samarkand UZB"]
[Date "2023.12.29"]
[EventDate "2023.12.29"]
[Round "2.23"]
[Result "0-1"]
[White "Surya Shekhar Ganguly"]
[Black "Zhamsaran Tsydypov"]
[WhiteElo "2549"]
[BlackElo "2626"]
[PlyCount "88"]

1. Nf3 g6 2. c4 Bg7 3. d4 Nf6 4. Nc3 O-O 5. e4 d6 6. Be2 e5 7. O-O h6 8. d5
Na6 9. Ne1 Nc5 10. f3 a5 11. Be3 b6 12. b3 Nh5 13. a3 f5 14. Rb1 Bd7 15. b4
axb4 16. axb4 Na4 17. Nxa4 Rxa4 18. Nd3 Ra2 19. Ra1 Rxa1 20. Qxa1 Nf6 21.
Nf2 f4 22. Bd2 h5 23. c5 g5 24. Rc1 g4 25. cxd6 cxd6 26. Qa7 g3 27. hxg3
fxg3 28. Nh3 Bxh3 29. gxh3 Nh7 30. Rc7 Qf6 31. Kg2 Kh8 32. Be3 Qg6 33. Qxb6
Ng5 34. Qa7 Bh6 35. b5 Nxh3 36. Bxh6 Qxh6 37. Kxh3 Rg8 38. Bf1 Qg6 39. Rf7
g2 40. Rh7+ Qxh7 41. Qxh7+ Kxh7 42. Bxg2 Kh6 43. Bf1 Kg5 44. Kg3 h4+ 0-1

[Event "World Blitz 2023"]
[Site "Samarkand UZB"]
[Date "2023.12.29"]
[EventDate "2023.12.29"]
[Round "2.24"]
[Result "0-1"]
[White "Alexander Riazantsev"]
[Black "Denis Makhnev"]
[WhiteElo "2621"]
[BlackElo "2528"]
[PlyCount "80"]

1. d4 d5 2. c4 e6 3. Nc3 c6 4. e3 Nf6 5. Bd3 Nbd7 6. b3 Bb4 7. Bb2 dxc4 8.
bxc4 e5 9. Ne2 O-O 10. O-O Re8 11. c5 exd4 12. exd4 Nf8 13. Qb3 Ba5 14. Bc4
Be6 15. Rfd1 Bxc3 16. Nxc3 Qd7 17. d5 cxd5 18. Bb5 Qc8 19. Bxe8 d4 20.
Bxf7+ Bxf7 21. Qb4 dxc3 22. Qxc3 Ne6 23. Rac1 Qc7 24. c6 Ng4 25. Qg3 Qxg3
26. hxg3 bxc6 27. Rxc6 Rb8 28. Bc3 h5 29. Re1 Nf8 30. f3 Nh6 31. Rc7 a6 32.
Ra7 Rc8 33. Be5 Re8 34. Rxa6 Nf5 35. Kf2 Nd7 36. Ba1 Rc8 37. Re2 Bc4 38.
Ra7 Bxe2 39. Rxd7 Rc2 40. g4 Bb5+ 0-1

[Event "World Blitz 2023"]
[Site "Samarkand UZB"]
[Date "2023.12.29"]
[EventDate "2023.12.29"]
[Round "2.2"]
[Result "1-0"]
[White "Hans Moke Niemann"]
[Black "Mukhiddin Madaminov"]
[WhiteElo "2614"]
[BlackElo "2460"]
[PlyCount "90"]

1. c4 g6 2. Nc3 c5 3. g3 Bg7 4. Bg2 Nc6 5. d3 Nf6 6. Qd2 b6 7. b3 Bb7 8.
Bb2 d6 9. e3 Qd7 10. Nd5 O-O 11. Nxf6+ Bxf6 12. Bxf6 exf6 13. h4 h5 14. Ne2
Kg7 15. Nf4 Nd8 16. Bxb7 Qxb7 17. O-O Ne6 18. Nd5 Nc7 19. Nc3 d5 20. e4
dxe4 21. dxe4 Rfe8 22. Rfe1 Ne6 23. Nd5 Rad8 24. Kg2 a6 25. Qc3 Nd4 26. b4
Qb8 27. Rab1 Qe5 28. Nxb6 cxb4 29. Rxb4 Qc5 30. Nd5 Rxd5 31. exd5 Rxe1 32.
Qxe1 Nc2 33. Qd2 Nxb4 34. a3 Nc6 35. dxc6 Qxc4 36. Qd6 Qe4+ 37. Kh2 Qc2 38.
Kg1 Qb1+ 39. Kg2 Qe4+ 40. Kf1 Qc4+ 41. Kg1 Qe4 42. Qc5 Qe1+ 43. Kh2 Qe4 44.
c7 Qe8 45. c8=Q 1-0

[Event "World Blitz 2023"]
[Site "Samarkand UZB"]
[Date "2023.12.29"]
[EventDate "2023.12.29"]
[Round "2.3"]
[Result "0-1"]
[White "Velimir Ivic"]
[Black "Ivan Cheparinov"]
[WhiteElo "2542"]
[BlackElo "2613"]
[PlyCount "96"]

1. e4 e5 2. Nf3 Nc6 3. Bb5 a6 4. Ba4 Nf6 5. O-O Be7 6. d3 b5 7. Bb3 d6 8.
c3 O-O 9. h3 Bb7 10. Re1 h6 11. Nbd2 Re8 12. Nf1 Bf8 13. Ng3 Na5 14. Bc2 c5
15. d4 cxd4 16. cxd4 Nc6 17. d5 Nb4 18. Bb1 a5 19. a3 Na6 20. Bd3 b4 21.
Be3 g6 22. Nd2 Nd7 23. Bb5 Nc7 24. Bf1 Na6 25. Nc4 Nac5 26. axb4 axb4 27.
Rxa8 Qxa8 28. Qd2 h5 29. f3 Qa4 30. Bh6 Be7 31. f4 h4 32. Nh1 Nb3 33. Qf2
Nd4 34. Bg5 Bf8 35. Bxh4 Qc2 36. Na5 Bc8 37. Qxc2 Nxc2 38. Rc1 Ne3 39. Bb5
exf4 40. Rc7 Bg7 41. Bxd7 Bxd7 42. Rxd7 Bxb2 43. Nc4 Nxc4 44. Nf2 Rb8 45.
Nd3 Bd4+ 46. Kf1 b3 47. Rc7 Ne5 48. Nb4 0-1

[Event "World Blitz 2023"]
[Site "Samarkand UZB"]
[Date "2023.12.29"]
[EventDate "2023.12.29"]
[Round "2.4"]
[Result "1-0"]
[White "Ruslan Ponomariov"]
[Black "Emin Ohanyan"]
[WhiteElo "2613"]
[BlackElo "2387"]
[PlyCount "70"]

1. d4 Nf6 2. c4 e6 3. Nc3 Bb4 4. e3 O-O 5. Bd3 d5 6. a3 Bxc3+ 7. bxc3 dxc4
8. Bxc4 c5 9. Nf3 Qc7 10. Be2 b6 11. Bb2 Ba6 12. c4 cxd4 13. Nxd4 Bxc4 14.
Qc2 b5 15. Nxb5 Qa5+ 16. Qc3 Qxc3+ 17. Bxc3 Bxe2 18. Kxe2 Nd5 19. Bd2 a6
20. Nd4 Nd7 21. Rhc1 Rfc8 22. Nc6 Kf8 23. e4 N5f6 24. f3 Ke8 25. Rab1 Rc7
26. Ba5 Rcc8 27. Bb4 Nb8 28. Ne5 Nbd7 29. Nc4 Kd8 30. Nd6 Rxc1 31. Nxf7+
Kc7 32. Rxc1+ Kb6 33. Nd6 Ne8 34. Rd1 Nb8 35. Nxe8 1-0

[Event "World Blitz 2023"]
[Site "Samarkand UZB"]
[Date "2023.12.29"]
[EventDate "2023.12.29"]
[Round "2.5"]
[Result "0-1"]
[White "Rudik Makarian"]
[Black "Aleksandr Shimanov"]
[WhiteElo "2540"]
[BlackElo "2611"]
[PlyCount "82"]

1. d4 d6 2. Nf3 Nf6 3. c4 g6 4. Nc3 Bg7 5. e4 O-O 6. Be2 Na6 7. O-O e5 8.
Be3 c6 9. d5 Ng4 10. Bg5 f6 11. Bd2 f5 12. exf5 gxf5 13. Bg5 Nf6 14. Qd2 c5
15. g3 Nc7 16. Nh4 Qe8 17. f4 e4 18. Ng2 Bd7 19. a4 Kh8 20. Kh1 Na6 21. Ne3
Nb4 22. Rg1 Ng4 23. Bxg4 fxg4 24. Rg2 Qg6 25. Rf1 a6 26. Bh4 Rae8 27. Re2
Nd3 28. a5 Rb8 29. Ra1 b5 30. axb6 Rxb6 31. Ned1 Bf5 32. Ra2 Rfb8 33. Na4
Rb4 34. Nac3 Bd4 35. Rxa6 e3 36. Rxe3 Bxe3 37. Qxe3 Re8 38. Qd2 Qg7 39. h3
Qd4 40. Rxd6 Re1+ 41. Qxe1 Nxe1 0-1

[Event "World Blitz 2023"]
[Site "Samarkand UZB"]
[Date "2023.12.29"]
[EventDate "2023.12.29"]
[Round "2.6"]
[Result "1/2-1/2"]
[White "Arseniy Nesterov"]
[Black "Javokhir Sindarov"]
[WhiteElo "2488"]
[BlackElo "2607"]
[PlyCount "92"]

1. d4 Nf6 2. c4 g6 3. Nc3 Bg7 4. e4 d6 5. Be2 O-O 6. Be3 c5 7. d5 Qb6 8.
Rb1 Qa5 9. Bd2 e6 10. Nf3 exd5 11. Nxd5 Qd8 12. Nxf6+ Bxf6 13. O-O Re8 14.
Bd3 Bg4 15. h3 Bxf3 16. Qxf3 Nc6 17. Qd1 Nb4 18. Bxb4 cxb4 19. a4 bxa3 20.
bxa3 b6 21. g3 Rc8 22. Kg2 Rc5 23. Rb5 Qe7 24. Rxc5 dxc5 25. f4 Bd4 26. e5
Kg7 27. Re1 a6 28. Qf3 Qd7 29. h4 b5 30. h5 b4 31. a4 b3 32. hxg6 hxg6 33.
Qd5 Qxa4 34. e6 Qa2+ 35. Re2 Qa1 36. exf7 Qg1+ 37. Kh3 Qf1+ 38. Kg4 Rxe2
39. Qd6 Kxf7 40. Qxg6+ Ke7 41. Qg5+ Kd6 42. Qd8+ Kc6 43. Qc8+ Kb6 44. Qd8+
Kc6 45. Qc8+ Kb6 46. Qd8+ 1/2-1/2

[Event "World Blitz 2023"]
[Site "Samarkand UZB"]
[Date "2023.12.29"]
[EventDate "2023.12.29"]
[Round "2.7"]
[Result "0-1"]
[White "Baadur Jobava"]
[Black "Maksim Tsaruk"]
[WhiteElo "2599"]
[BlackElo "2378"]
[PlyCount "152"]

1. g4 d5 2. e3 e5 3. Nc3 c6 4. d4 Bd6 5. h3 e4 6. Bd2 h5 7. gxh5 f5 8. Qe2
Nf6 9. O-O-O Be6 10. Kb1 Nbd7 11. Qe1 Nxh5 12. h4 Nhf6 13. f4 Ng4 14. Be2
Qf6 15. Bxg4 fxg4 16. Nce2 O-O-O 17. Ng3 Be7 18. h5 g6 19. N1e2 gxh5 20.
Nxh5 Qg6 21. Neg3 Nf6 22. Nxf6 Bxf6 23. Qe2 Rh3 24. Qg2 Rdh8 25. Rdf1 Bf5
26. a4 Bh4 27. Ne2 Bd8 28. Ng3 Bh4 29. Nxf5 Qxf5 30. Rxh3 gxh3 31. Qg7 Bf6
32. Qg3 h2 33. Rh1 Qh3 34. Be1 Qxg3 35. Bxg3 Rh3 36. Bf2 Kd7 37. Kc1 Ke6
38. Kd2 Kf5 39. Ke2 Kg4 40. a5 b6 41. a6 c5 42. c3 c4 43. Be1 Be7 44. Bf2
Bd8 45. Be1 Bc7 46. Bf2 Bd6 47. Be1 b5 48. Kf2 Be7 49. Ke2 Bf8 50. Kf2 Bd6
51. Bd2 Be7 52. Kg2 Rg3+ 53. Kf2 Bh4 54. Rxh2 Rh3+ 55. Kg2 Rxh2+ 56. Kxh2
Kf3 57. Kh3 Be7 58. Be1 Kxe3 59. Kg4 Ke2 60. Bg3 e3 61. f5 Kd2 62. Bf4 Kd3
63. Kf3 e2 64. Bg3 Kd2 65. Bf4+ Kd1 66. Bg3 e1=Q 67. Bxe1 Kxe1 68. Kf4 Bf6
69. Kg4 Kd2 70. Kh5 Kc2 71. Kg6 Bh4 72. Kf7 Kxb2 73. Ke6 Kxc3 74. Kxd5 b4
75. Ke5 b3 76. d5 b2 0-1

[Event "World Blitz 2023"]
[Site "Samarkand UZB"]
[Date "2023.12.29"]
[EventDate "2023.12.29"]
[Round "2.8"]
[Result "0-1"]
[White "M Pranesh"]
[Black "Alexandr Predke"]
[WhiteElo "2481"]
[BlackElo "2594"]
[PlyCount "76"]

1. e4 c5 2. Nf3 Nc6 3. d4 cxd4 4. Nxd4 Nf6 5. Nc3 e5 6. Ndb5 d6 7. Nd5 Nxd5
8. exd5 Ne7 9. c4 Nf5 10. Bd3 g6 11. Qa4 Bd7 12. Qb4 a5 13. Qb3 a4 14. Qb4
Bxb5 15. Qxb5+ Qd7 16. Qb4 Bg7 17. O-O O-O 18. Bd2 Nd4 19. Bc3 e4 20. Bxd4
Bxd4 21. Bxe4 a3 22. Rad1 Bc5 23. Qb3 Rfe8 24. Bf3 Qe7 25. bxa3 Rxa3 26.
Qc2 Rea8 27. Rd2 Qg5 28. Kh1 Qf4 29. Kg1 h5 30. Re2 Rxa2 31. Qe4 Qxe4 32.
Rxe4 Rc2 33. Be2 Raa2 34. Re1 Bb4 35. Bd1 Rxf2 36. R1e2 Bc5 37. Rxa2 Rf4+
38. Rf2 Rxe4 0-1

[Event "World Blitz 2023"]
[Site "Samarkand UZB"]
[Date "2023.12.29"]
[EventDate "2023.12.29"]
[Round "2.9"]
[Result "1/2-1/2"]
[White "Gabriel Gaehwiler"]
[Black "Conrad Holt"]
[WhiteElo "2448"]
[BlackElo "2592"]
[PlyCount "100"]

1. d4 d5 2. c4 c6 3. Nf3 Nf6 4. Nc3 dxc4 5. a4 Bf5 6. Ne5 Nbd7 7. Nxc4 Nb6
8. Ne3 e6 9. Nxf5 exf5 10. g3 Bb4 11. Bg2 O-O 12. Bg5 Nbd5 13. Rc1 Qa5 14.
O-O Bxc3 15. bxc3 Ne4 16. Bxe4 fxe4 17. c4 Nb6 18. c5 Nd5 19. Qb3 Qa6 20.
Rb1 h6 21. Be3 b6 22. Rb2 Rfe8 23. Rc1 Rac8 24. Rbc2 bxc5 25. Rxc5 Qxe2 26.
Rxc6 Rcd8 27. R6c2 Qf3 28. Rc5 Nf6 29. Qd1 Rd5 30. Qxf3 exf3 31. h3 Re6 32.
g4 Ra6 33. R1c4 Rd7 34. Kh2 Ne4 35. Re5 Re6 36. Rc8+ Kh7 37. Rxe6 fxe6 38.
Rf8 Nc3 39. a5 Rd5 40. Rxf3 Ne2 41. Rf7 Rxa5 42. Re7 Ra4 43. Rxe6 Nxd4 44.
Bxd4 Rxd4 45. Ra6 Rd7 46. Kg3 g5 47. h4 Rd3+ 48. f3 gxh4+ 49. Kxh4 Rxf3 50.
Rxa7+ Kg6 1/2-1/2

[Event "World Blitz 2023"]
[Site "Samarkand UZB"]
[Date "2023.12.29"]
[EventDate "2023.12.29"]
[Round "2.10"]
[Result "0-1"]
[White "Andrey Gorovets"]
[Black "Volodar Murzin"]
[WhiteElo "2418"]
[BlackElo "2591"]
[PlyCount "134"]

1. Nf3 d5 2. g3 Bg4 3. Bg2 c6 4. h3 Bh5 5. c4 e6 6. d4 Nf6 7. O-O Be7 8.
Nc3 O-O 9. g4 Bg6 10. Ne5 Nbd7 11. Nxg6 hxg6 12. Qd3 Qa5 13. cxd5 exd5 14.
Bf4 Rfe8 15. g5 Nh5 16. Bd2 Qb6 17. h4 Nf8 18. Bh3 Bd6 19. e3 Ne6 20. Rab1
a5 21. Kg2 Qa6 22. Qxa6 Rxa6 23. f4 f5 24. a3 Kf7 25. Kf2 Rh8 26. Bg2 Raa8
27. Ne2 Ke7 28. Rfc1 Kd7 29. Ra1 Nc7 30. Bf3 Be7 31. Rc2 Ne8 32. Nc1 Nd6
33. Nd3 Ke6 34. Ne5 Rh7 35. Nxg6 a4 36. Rb1 Nc4 37. Bc1 Bd6 38. Ne5 Bxe5
39. dxe5 g6 40. b3 axb3 41. Rxb3 b5 42. Bd2 Ng7 43. Kg3 Nh5+ 44. Kf2 Ng7
45. Kg3 Rah8 46. a4 Rxh4 47. axb5 Rh3+ 48. Kf2 Rh2+ 49. Bg2 c5 50. b6 Rb8
51. b7 Nh5 52. Rxc4 dxc4 53. Rb6+ Kf7 54. Kg1 Rh4 55. Bf3 Ng3 56. Be1 Rh3
57. Kg2 Rh1 58. Bxg3 c3 59. Bd5+ Kg7 60. Bb3 Rb1 61. Rc6 Rxb3 62. Rc7+ Kf8
63. Be1 R8xb7 64. Rxc5 Rb2+ 65. Kf3 c2 66. Bd2 Rd7 67. Ke2 c1=Q 0-1

[Event "World Blitz 2023"]
[Site "Samarkand UZB"]
[Date "2023.12.29"]
[EventDate "2023.12.29"]
[Round "2.12"]
[Result "1-0"]
[White "Chithambaram Vr Aravindh"]
[Black "Ediz Gurel"]
[WhiteElo "2584"]
[BlackElo "2359"]
[PlyCount "112"]

1. d4 d5 2. Nf3 Nf6 3. c3 Bf5 4. Qb3 Qc8 5. c4 e6 6. cxd5 exd5 7. Nc3 c6 8.
Bf4 Be7 9. e3 O-O 10. h3 Nbd7 11. Be2 a5 12. O-O b5 13. a4 b4 14. Nb1 c5
15. dxc5 Nxc5 16. Qd1 Qb7 17. Nd4 Bd7 18. Nd2 Rac8 19. Nb5 Rfd8 20. Be5
Nfe4 21. Nf3 Bf8 22. Nfd4 Qb6 23. Rc1 Re8 24. Bf4 b3 25. Ra1 Qg6 26. Bh5
Qf6 27. Nc7 Rxc7 28. Bxc7 Nxa4 29. Qxb3 Qg5 30. Qd1 Nxb2 31. Qe2 Nc4 32.
Bf4 Qf6 33. Bg4 Nc3 34. Qc2 Bxg4 35. hxg4 Ne4 36. f3 Nc5 37. Qf5 Qd8 38.
Rfe1 g6 39. Qc2 Bg7 40. Rad1 a4 41. Nb5 a3 42. Nc7 Re7 43. Nxd5 Ra7 44.
Qxc4 Ne6 45. Nc3 Qf6 46. Ne4 Qb2 47. Qc8+ Bf8 48. Qb8 Rb7 49. Qe5 Bg7 50.
Qxb2 Bxb2 51. Nd6 Rb3 52. Nc4 Bf6 53. Be5 Bh4 54. Rb1 Rd3 55. Red1 a2 56.
Ra1 1-0

[Event "World Blitz 2023"]
[Site "Samarkand UZB"]
[Date "2023.12.29"]
[EventDate "2023.12.29"]
[Round "2.13"]
[Result "1-0"]
[White "Bobir Sattarov"]
[Black "Vugar Asadli"]
[WhiteElo "2351"]
[BlackElo "2584"]
[PlyCount "82"]

1. e4 c5 2. Nf3 e6 3. d4 cxd4 4. Nxd4 Nf6 5. Nc3 Nc6 6. Ndb5 Bc5 7. Bf4 O-O
8. Bc7 Qe7 9. Bd6 Bxd6 10. Qxd6 Qd8 11. O-O-O a6 12. Nd4 Ne7 13. f3 b5 14.
h4 Bb7 15. h5 h6 16. g4 Rc8 17. Bd3 Ne8 18. Qg3 Nc6 19. Nxc6 Bxc6 20. f4 b4
21. Ne2 Nf6 22. e5 Ne4 23. Qe3 Nc5 24. Rhg1 Nxd3+ 25. Rxd3 Qa5 26. Kb1 Bd5
27. b3 Qc5 28. Nd4 Kh8 29. g5 hxg5 30. Rxg5 d6 31. f5 dxe5 32. f6 Rg8 33.
fxg7+ Rxg7 34. Qxe5 f6 35. Qxf6 Qe7 36. Qh6+ Rh7 37. Qg6 a5 38. Rdg3 Qf8
39. Nxe6 Bxe6 40. Qxe6 Re7 41. Rg8+ 1-0

[Event "World Blitz 2023"]
[Site "Samarkand UZB"]
[Date "2023.12.29"]
[EventDate "2023.12.29"]
[Round "2.14"]
[Result "1/2-1/2"]
[White "Nodirbek Yakubboev"]
[Black "Artem Uskov"]
[WhiteElo "2582"]
[BlackElo "2328"]
[PlyCount "154"]

1. e4 c5 2. Nf3 e6 3. c3 Nf6 4. e5 Nd5 5. a3 d6 6. d4 cxd4 7. c4 Nc7 8.
Qxd4 Nc6 9. Qf4 Be7 10. Nc3 O-O 11. Be3 dxe5 12. Nxe5 Bd6 13. Nxc6 Bxf4 14.
Nxd8 Bxe3 15. fxe3 Rxd8 16. Be2 Rb8 17. Kf2 b6 18. Rhd1 Bb7 19. b4 Kf8 20.
a4 Na6 21. Rab1 Ke7 22. Rb2 Rxd1 23. Bxd1 Rc8 24. Be2 Nb8 25. c5 Nd7 26.
Nb5 bxc5 27. Nxa7 Ra8 28. Nb5 Rxa4 29. bxc5 Nxc5 30. h4 Rxh4 31. Nd4 Bd5
32. Rc2 Ne4+ 33. Kg1 Ng3 34. Bf3 Rh1+ 35. Kf2 Ne4+ 36. Bxe4 Bxe4 37. Rc7+
Kf6 38. Nb5 Rd1 39. Nc3 Rd2+ 40. Ke1 Rxg2 41. Nxe4+ Kg6 42. Nd6 f6 43. Kf1
Rg5 44. Ne8 Kh6 45. Kf2 Rf5+ 46. Ke2 Rg5 47. Kf3 Rf5+ 48. Kg3 Rg5+ 49. Kf3
Rf5+ 50. Ke4 Re5+ 51. Kd3 Rd5+ 52. Ke2 Rg5 53. Nd6 Rd5 54. Ne4 Kg6 55. Nc5
Rd6 56. Re7 f5 57. Rxe6+ Rxe6 58. Nxe6 Kf6 59. Nf4 g5 60. Nd3 Ke6 61. Kf3
Kd5 62. Nb4+ Ke5 63. Nc6+ Kf6 64. Nd4 Ke5 65. Nc6+ Kf6 66. Nb4 Ke5 67. Nd3+
Kd5 68. Nf2 Ke5 69. Nd3+ Kd5 70. Nb4+ Ke5 71. Nc6+ Kf6 72. Nd4 Ke5 73. Ne2
f4 74. exf4+ gxf4 75. Nxf4 Kf5 76. Kg3 h5 77. Nxh5 1/2-1/2

[Event "World Blitz 2023"]
[Site "Samarkand UZB"]
[Date "2023.12.29"]
[EventDate "2023.12.29"]
[Round "2.15"]
[Result "1-0"]
[White "Sumiya Chinguun"]
[Black "Levan Pantsulaia"]
[WhiteElo "2200"]
[BlackElo "2579"]
[PlyCount "82"]

1. e4 c6 2. c4 d5 3. cxd5 cxd5 4. exd5 Nf6 5. Nc3 g6 6. Bc4 Bg7 7. Nf3 a6
8. a4 O-O 9. O-O Nbd7 10. d3 b6 11. Be3 Bb7 12. Qb3 Rc8 13. Ne4 Ng4 14. Bd4
Bxd4 15. Nxd4 Qc7 16. Nf3 Nde5 17. Nxe5 Qxe5 18. Ng3 h5 19. h3 Nf6 20. Qxb6
Bxd5 21. Rfe1 Qg5 22. b3 h4 23. Ne4 Bxe4 24. dxe4 Nh5 25. Qe3 Nf4 26. Qf3
a5 27. Qg4 Qh6 28. Rad1 Rc5 29. e5 e6 30. Rd4 Nh5 31. Qxh4 Qg7 32. Qg5 Qh8
33. Rh4 Qg7 34. g4 Nf4 35. Qxf4 g5 36. Qe3 Rxc4 37. bxc4 gxh4 38. c5 Rc8
39. Rc1 Qg6 40. c6 Kh7 41. c7 1-0

[Event "World Blitz 2023"]
[Site "Samarkand UZB"]
[Date "2023.12.29"]
[EventDate "2023.12.29"]
[Round "2.16"]
[Result "0-1"]
[White "David Akhmedov"]
[Black "Aryan Tari"]
[WhiteElo "2154"]
[BlackElo "2577"]
[PlyCount "68"]

1. e4 e5 2. Nf3 Nc6 3. Nc3 Nf6 4. g3 d5 5. exd5 Nxd5 6. Bg2 Nxc3 7. bxc3
Bd6 8. O-O O-O 9. d3 h6 10. Nd2 Be6 11. c4 Qd7 12. Rb1 Rab8 13. Ne4 Be7 14.
Nc3 Bg4 15. Qe1 Nd4 16. f3 Be6 17. Qf2 c6 18. Be3 Rfd8 19. Kh1 b5 20. f4
exf4 21. Bxf4 Rbc8 22. c5 Bxc5 23. Ne4 Be7 24. c3 Nf5 25. d4 b4 26. Be5
bxc3 27. Nxc3 Nxd4 28. Rbd1 c5 29. Ne4 f5 30. Nc3 Bf8 31. Rfe1 Bf7 32. Ne2
Bd5 33. Nxd4 cxd4 34. Rxd4 0-1

[Event "World Blitz 2023"]
[Site "Samarkand UZB"]
[Date "2023.12.29"]
[EventDate "2023.12.29"]
[Round "2.17"]
[Result "1-0"]
[White "B Adhiban"]
[Black "Lev Zverev"]
[WhiteElo "2576"]
[BlackElo "2299"]
[PlyCount "124"]

1. b3 d5 2. Nf3 Nf6 3. Bb2 Bf5 4. Nh4 Bg4 5. h3 Bh5 6. g4 Bg6 7. Nxg6 hxg6
8. Bg2 e6 9. e3 Bd6 10. d3 Nbd7 11. Nd2 Qe7 12. a3 O-O-O 13. Qe2 c6 14. c4
Kb8 15. b4 g5 16. d4 e5 17. c5 Bc7 18. Nf3 exd4 19. exd4 Ne4 20. O-O-O Rhe8
21. Rhe1 Qf6 22. Qc2 Qg6 23. Kb1 f5 24. Ne5 Nxe5 25. dxe5 fxg4 26. hxg4 Qf7
27. Bxe4 dxe4 28. Qxe4 Rxd1+ 29. Rxd1 Qb3 30. Qd3 Qe6 31. Qd7 Qxd7 32. Rxd7
Bxe5 33. Bxe5+ Rxe5 34. Rxg7 a5 35. f3 axb4 36. axb4 Re3 37. Rxg5 Rxf3 38.
Kc2 Ka7 39. Rg7 Ka6 40. g5 Rg3 41. g6 Rg4 42. Kc3 Rg3+ 43. Kc4 Rg4+ 44. Kb3
Rg1 45. Kc3 Rg4 46. Kb3 Rg1 47. Kc4 Rg4+ 48. Kc3 Rg3+ 49. Kd4 Rg4+ 50. Ke5
Rxb4 51. Rf7 Rg4 52. g7 Kb5 53. Kf5 Rg1 54. Rxb7+ Kxc5 55. Kf6 Kd4 56. Rd7+
Kc4 57. Rd8 c5 58. g8=Q+ Rxg8 59. Rxg8 Kd4 60. Rg4+ Kd3 61. Ke5 c4 62. Rg3+
1-0

[Event "World Blitz 2023"]
[Site "Samarkand UZB"]
[Date "2023.12.29"]
[EventDate "2023.12.29"]
[Round "2.18"]
[Result "0-1"]
[White "Daler Vakhidov"]
[Black "Pouya Idani"]
[WhiteElo "2110"]
[BlackElo "2574"]
[PlyCount "94"]

1. d4 d5 2. Nf3 Nf6 3. g3 e6 4. Bg2 Be7 5. O-O O-O 6. c4 c6 7. Qc2 b6 8.
Nbd2 c5 9. e4 Nc6 10. dxc5 bxc5 11. exd5 exd5 12. cxd5 Nxd5 13. Nb3 Ndb4
14. Qe4 Ba6 15. Re1 Bd3 16. Qg4 Nc2 17. Bh6 Bg6 18. Red1 Qc8 19. Qxc8 Raxc8
20. Be3 Nxa1 21. Rxa1 Nb4 22. Rc1 c4 23. Na5 Nxa2 24. Rxc4 Rxc4 25. Nxc4
Rc8 26. Nfe5 a6 27. Bb7 Rd8 28. Bxa6 Be4 29. f3 Nb4 30. fxe4 Nxa6 31. Nc6
Re8 32. Nxe7+ Rxe7 33. e5 Rb7 34. Kf2 Rb4 35. Nd6 Rxb2+ 36. Kg1 Nb4 37. Nf5
Nd5 38. Bd4 Rd2 39. Bf2 h5 40. Kg2 g6 41. Nd4 Rd3 42. h3 Kh7 43. g4 hxg4
44. hxg4 Nf4+ 45. Kh2 Rd2 46. Kg3 Rxd4 47. Bxd4 Ne2+ 0-1

[Event "World Blitz 2023"]
[Site "Samarkand UZB"]
[Date "2023.12.29"]
[EventDate "2023.12.29"]
[Round "2.19"]
[Result "1-0"]
[White "Ian Nepomniachtchi"]
[Black "Haowen Xue"]
[WhiteElo "2795"]
[BlackElo "2155"]
[PlyCount "100"]

1. e4 c6 2. d4 d5 3. Nc3 dxe4 4. Nxe4 Nf6 5. Nxf6+ exf6 6. Be3 Qb6 7. Qe2
Bd6 8. d5 Qc7 9. Bc5+ Kf8 10. Bxd6+ Qxd6 11. O-O-O cxd5 12. Qd2 Nc6 13.
Qxd5 Qe7 14. Nf3 Be6 15. Qd6 Ne5 16. Qxe7+ Kxe7 17. Nd4 Ng4 18. Rd2 Rhd8
19. c3 Rac8 20. f3 Ne3 21. a3 f5 22. g3 Kf6 23. Be2 Bc4 24. Re1 Bxe2 25.
Rexe2 Nc4 26. Rd1 g6 27. Kc2 Ne5 28. a4 a6 29. Ree1 h5 30. h4 Nd7 31. a5
Ne5 32. b4 Rd7 33. Kb3 Rdc7 34. Re3 Nc4 35. Re2 Ne5 36. Rc2 Rd7 37. f4 Nc6
38. Rcd2 Nxd4+ 39. Rxd4 Rxd4 40. Rxd4 Ke6 41. c4 f6 42. b5 Rg8 43. Kb4 axb5
44. cxb5 g5 45. Kc5 gxh4 46. gxh4 Rg4 47. Kb6 Rxh4 48. Kxb7 Rh3 49. a6 Rb3
50. b6 1-0

[Event "World Blitz 2023"]
[Site "Samarkand UZB"]
[Date "2023.12.29"]
[EventDate "2023.12.29"]
[Round "2.20"]
[Result "1/2-1/2"]
[White "Mikhail Bryakin"]
[Black "Yangyi Yu"]
[WhiteElo "2495"]
[BlackElo "2762"]
[PlyCount "176"]

1. d4 Nf6 2. c4 e6 3. Nf3 b6 4. g3 Bb7 5. Bg2 Be7 6. O-O O-O 7. Nc3 Ne4 8.
Bd2 d6 9. d5 Nxd2 10. Qxd2 e5 11. e4 Nd7 12. Ne1 a5 13. b3 Nc5 14. Nd3 g6
15. Nxc5 bxc5 16. Rae1 Bf6 17. Bh3 Bg7 18. a4 f5 19. Nb5 Bc8 20. Kg2 Kh8
21. f3 Bd7 22. Rf2 Qc8 23. Kg1 Rf7 24. Ref1 Qb7 25. Qe1 Qb6 26. Qd2 Raf8
27. Bg2 f4 28. g4 Bf6 29. Re2 Bh4 30. Bh3 Rg7 31. Rg2 Kg8 32. Ra1 Kf7 33.
Kf1 Ke7 34. Ke2 Ra8 35. Kd3 Rgg8 36. Rgg1 Rgb8 37. Rgb1 Kf8 38. Qg2 Bg5 39.
Qc2 Kg7 40. Qf2 h5 41. Qg2 h4 42. Qc2 Kh6 43. Qe2 Ra6 44. Qc2 Rba8 45. Bf1
h3 46. Qf2 Kg7 47. Kc2 Rh8 48. Bd3 Raa8 49. Qf1 Qb8 50. Be2 Qd8 51. Rd1 Be8
52. Rdb1 Qe7 53. Rd1 Qd8 54. Rab1 Qb8 55. Ra1 Qd8 56. Rdb1 Qc8 57. Rd1 Qb7
58. Rab1 Bd7 59. Ra1 Kf6 60. Rdb1 Rh7 61. Rd1 Qb8 62. Rab1 Be8 63. Ra1 Qb6
64. Rdb1 Kg7 65. Rd1 Bd7 66. Rdb1 Bh4 67. Rd1 Rhh8 68. Rab1 Bxb5 69. cxb5
c4 70. Bxc4 Bf2 71. Kb2 Qc5 72. Qd3 Qb4 73. Kc2 Bd4 74. Qd2 Qa3 75. Kd3 Bb6
76. Qe2 Qc5 77. Kc2 Qb4 78. Qd2 Qc5 79. Qe2 Qe3 80. Qd3 Kf6 81. Rd2 Kg5 82.
Re2 Qc5 83. Qc3 Rac8 84. Rd1 Kf6 85. Rb1 Kg5 86. Rd1 Kf6 87. Rb1 Kg5 88.
Rd1 1/2-1/2

[Event "World Blitz 2023"]
[Site "Samarkand UZB"]
[Date "2023.12.29"]
[EventDate "2023.12.29"]
[Round "2.23"]
[Result "1/2-1/2"]
[White "Yuriy Kuzubov"]
[Black "Vladimir Fedoseev"]
[WhiteElo "2487"]
[BlackElo "2719"]
[PlyCount "114"]

1. d4 Nf6 2. Nf3 e6 3. c4 d5 4. Nc3 c6 5. e3 Nbd7 6. Be2 Bd6 7. b3 O-O 8.
Bb2 b6 9. O-O Bb7 10. Qc2 Rc8 11. Rad1 c5 12. dxc5 bxc5 13. cxd5 exd5 14.
Qf5 Qe7 15. Bd3 g6 16. Qh3 Ne5 17. Nb5 Nxd3 18. Rxd3 Ne4 19. Nxd6 Qxd6 20.
Rdd1 Qe6 21. Qh4 f6 22. Nd2 Nd6 23. Nb1 Nf5 24. Qf4 h5 25. Rfe1 Kf7 26. Nc3
Rcd8 27. h4 Rd7 28. Na4 Rc8 29. Rc1 c4 30. Nc3 cxb3 31. axb3 d4 32. Nb5
dxe3 33. Rxc8 Bxc8 34. Nd4 Nxd4 35. Bxd4 exf2+ 36. Qxf2 Qd6 37. Ba1 Bb7 38.
Rf1 f5 39. Rc1 Qb6 40. Qxb6 axb6 41. Bc3 Rd3 42. Kf2 Ke6 43. b4 Be4 44. Be1
Rb3 45. g3 Rf3+ 46. Ke2 Ra3 47. Rc7 Ra2+ 48. Ke3 Ra1 49. Bd2 Rf1 50. Kd4
Rd1 51. Kc3 Ra1 52. Bf4 b5 53. Rg7 Kf6 54. Rd7 Ra6 55. Rd6+ Rxd6 56. Bxd6
Ke6 57. Bf4 Kd5 1/2-1/2

[Event "World Blitz 2023"]
[Site "Samarkand UZB"]
[Date "2023.12.29"]
[EventDate "2023.12.29"]
[Round "2.24"]
[Result "1/2-1/2"]
[White "Alexander Grischuk"]
[Black "Roman Kezin"]
[WhiteElo "2699"]
[BlackElo "2492"]
[PlyCount "84"]

1. d4 d5 2. Nf3 Nf6 3. Bf4 c5 4. e3 Nc6 5. Nbd2 Nh5 6. dxc5 Nxf4 7. exf4
Qa5 8. c4 e6 9. a3 Qxc5 10. Bd3 Be7 11. O-O O-O 12. Rc1 Qd6 13. g3 Bf6 14.
Qc2 g6 15. Rfd1 Rd8 16. h4 Bd7 17. b4 Qf8 18. Nf1 Rac8 19. Qb3 dxc4 20.
Bxc4 Be8 21. Ne3 Nd4 22. Nxd4 Bxd4 23. b5 h5 24. a4 Bb6 25. Bf1 Rxc1 26.
Rxc1 Qe7 27. Nc4 Bc5 28. Ne5 Bd4 29. Bg2 Qd6 30. Qc2 Qb6 31. Nf3 Bf6 32.
Ng5 Bd7 33. Be4 Rc8 34. Qd2 Rxc1+ 35. Qxc1 a6 36. Qd2 Qd4 37. Qxd4 Bxd4 38.
Nf3 Bc5 39. Ne5 Be8 40. Bxb7 axb5 41. axb5 Bxb5 42. Bc6 Bxc6 1/2-1/2

[Event "World Blitz 2023"]
[Site "Samarkand UZB"]
[Date "2023.12.29"]
[EventDate "2023.12.29"]
[Round "2.25"]
[Result "1/2-1/2"]
[White "Sarin Nihal"]
[Black "Murtas Kazhgaleyev"]
[WhiteElo "2689"]
[BlackElo "2488"]
[PlyCount "130"]

1. e4 e5 2. Nf3 Nc6 3. Bb5 a6 4. Ba4 Nf6 5. O-O d6 6. Re1 Bd7 7. c3 g6 8.
d4 Bg7 9. h3 O-O 10. d5 Ne7 11. Bxd7 Qxd7 12. c4 c5 13. dxc6 Qxc6 14. Qd3
Rfc8 15. Na3 Nd7 16. Bg5 Nc5 17. Qe2 f6 18. Bh4 Ne6 19. Rad1 g5 20. Bg3 f5
21. exf5 Nxf5 22. Qd3 Rf8 23. Nc2 Rac8 24. b3 b5 25. Ne3 Nxg3 26. fxg3 e4
27. Qd5 exf3 28. Qxe6+ Kh8 29. Kh2 fxg2 30. Qd5 Qxd5 31. Rxd5 bxc4 32. Nxc4
Rf2 33. Kg1 Rxa2 34. Rxd6 Bf8 35. Rd2 Rxd2 36. Nxd2 Bb4 37. Re2 Rc1+ 38.
Kxg2 Rc2 39. Kf3 Rxd2 40. Re4 a5 41. Re5 h6 42. Kg4 Rd3 43. Re6 Rxb3 44.
Rxh6+ Kg7 45. Ra6 Be1 46. Kf5 Rxg3 47. Ra7+ Kf8 48. Kf6 Rf3+ 49. Kxg5 Rxh3
50. Kf6 Rh6+ 51. Ke5 Bb4 52. Kd5 Rb6 53. Kc4 Ke8 54. Kb3 Kd8 55. Ka4 Kc8
56. Rh7 Rb7 57. Rh8+ Kc7 58. Rh7+ Kb6 59. Rh6+ Ka7 60. Rc6 Rd7 61. Kb5 Rd5+
62. Ka4 Kb7 63. Rg6 Rd6 64. Rxd6 Bxd6 65. Kxa5 1/2-1/2